| 000 | 00634nam a2200217Ia 4500 | ||
|---|---|---|---|
| 003 | 0100 | ||
| 005 | 20220518143905.0 | ||
| 008 | 130303s9999 xx 000 0 und d | ||
| 020 | _a0582603323 | ||
| 040 | _cARRUPELIB | ||
| 050 | _aDT471.W36 1967 | ||
| 100 |
_aWebster, J.B _930525 |
||
| 245 | 4 |
_aThe revolutionary years, West African since 1800 _cJ .B .Webster |
|
| 260 |
_bLongman; _aLondon: _c1967 |
||
| 300 |
_aix,406p.; _c21cm. |
||
| 300 | _b | ||
| 440 |
_aThe growth of African civilisation _930526 |
||
| 650 |
_bAfrica, West _xHistory _930507 |
||
| 700 |
_aBoahen, A.A ; Tidy, Michael _930527 |
||
| 942 | 0 | 0 |
_01 _2lcc _cMONOGRAPH |
| 999 |
_c26250 _d26250 |
||